Imaginable (Record no. 112505)

MARC details
000 -LEADER
fixed length control field 00496 a2200169 4500
005 - DATE AND TIME OF LATEST TRANSACTION
control field 20241021101349.0
008 - FIXED-LENGTH DATA ELEMENTS--GENERAL INFORMATION
fixed length control field 241001b |||||||| |||| 00| 0 eng d
020 ## - INTERNATIONAL STANDARD BOOK NUMBER
International Standard Book Number 9781787635623
080 ## - UNIVERSAL DECIMAL CLASSIFICATION NUMBER
Universal Decimal Classification number 159.923.2
Item number MCG/H
100 ## - MAIN ENTRY--PERSONAL NAME
Personal name McGonigal, Jane
245 ## - TITLE STATEMENT
Title Imaginable
Remainder of title : how to see the future coming and be ready for anything
260 ## - PUBLICATION, DISTRIBUTION, ETC. (IMPRINT)
Name of publisher, distributor, etc Bantam
Place of publication, distribution, etc London
Date of publication, distribution, etc 2022
300 ## - PHYSICAL DESCRIPTION
Extent xxxiii,393p.
653 ## - INDEX TERM--UNCONTROLLED
Uncontrolled term Self-actualization (Psychology)
653 ## - INDEX TERM--UNCONTROLLED
Uncontrolled term Adaptability (Psychology)
942 ## - ADDED ENTRY ELEMENTS (KOHA)
item type Books
Holdings
Lost status Source of classification or shelving scheme Not for loan Home library Current library Date acquired Cost, normal purchase price Total Checkouts Full call number Barcode Date last seen Cost, replacement price Price effective from Koha item type
  Universal Decimal Classification   University Library University Library 11/12/2023 639.20   159.923.2 MCG/I 00095265 11/12/2023 799.00 11/12/2023 Books
University Library, CUSAT